LIBRARY ONLINE CATALOGUE

Fincial Year Ended 30 June 2013 (Record no. 15769)

MARC details
000 -LEADER
fixed length control field 00352nam a22000977a 4500
008 - FIXED-LENGTH DATA ELEMENTS--GENERAL INFORMATION
fixed length control field 160314b xxu||||| |||| 00| 0 eng d
245 ## - TITLE STATEMENT
Title Fincial Year Ended 30 June 2013
Remainder of title Annual Report and Financial Statements
260 ## - PUBLICATION, DISTRIBUTION, ETC. (IMPRINT)
Place of publication, distribution, etc. The kenya power and ligthing company
Name of publisher, distributor, etc. The kenya power
Date of publication, distribution, etc. 2013
300 ## - PHYSICAL DESCRIPTION
Extent 128p.
Other physical details ill.
942 ## - ADDED ENTRY ELEMENTS (KOHA)
Source of classification or shelving scheme Library of Congress Classification
Koha item type Africana Collection
Call number prefix HD9685 .K44K46 2013 C.1
Holdings
Withdrawn status Lost status Source of classification or shelving scheme Not for loan Home library Current library Date acquired Total Checkouts Full call number Barcode Date last seen Copy number Price effective from Koha item type
    Library of Congress Classification   Kabarak, Main Campus Kabarak, Main Campus 14/03/2016   HD 9685 .K44k46 2013 C.1 016595 14/03/2016 C.1 14/03/2016 Africana Collection